PROJECT MANAGEMENT A CONTEMPORARY APPROA (Record no. 35056)

MARC details
000 -LEADER
fixed length control field 00262nam a2200109Ia 4500
008 - FIXED-LENGTH DATA ELEMENTS--GENERAL INFORMATION
fixed length control field 240625s9999 xx 000 0 und d
041 ## - LANGUAGE CODE
Language code of text/sound track or separate title eng
082 ## - DEWEY DECIMAL CLASSIFICATION NUMBER
Classification number 658.404 KLO
100 ## - MAIN ENTRY--PERSONAL NAME
Personal name KLOPPENBORG
245 ## - TITLE STATEMENT
Title PROJECT MANAGEMENT A CONTEMPORARY APPROA
260 ## - PUBLICATION, DISTRIBUTION, ETC.
Date of publication, distribution, etc. 2006
Holdings
Withdrawn status Lost status Damaged status Not for loan Home library Current library Shelving location Date acquired Full call number Barcode Date last seen Price effective from Koha item type
        IMTN IMTN Rack 30-A 11/08/2014 658.404 KLO CD2084 06/25/2024 06/25/2024 CD
Designed & Maintained by: LRC IMT Nagpur Contact: lrc@imtnag.ac.in© 2024. All Rights Reserved.